000
00238nam a2200097Ia 4500
005
20251222114347.0
008
251222s1900||||xx |||||||||||||| ||spa||
082
_a
DVD0099/B84/1982
245
0
_a
Egipto: en busca de la eternidad:
942
_c
DVD
999
_c
1090
_d
1090